000 00377nam a2200169Ia 4500
001 24036
005 20260414151017.0
008 260414t1991||||xx |||||||||||||| ||spa||
041 _aESP
082 _a759
_bA93
100 _aAyala Mallory, Nina
_eAUT
245 0 _aDel Greco a Murillo
_b
260 _c1991
650 _aABD
654 _aCAU
942 _cLIB
_dJUS
_fJUS
_2ddc
_n
999 _c24036
_d24036